UBT Library

BEST ANSWERS TOTHE 201 MOST FREQUENTLY AKSED INTERVIEW QUESTIONS (Record no. 25727)

000 -LEADER
fixed length control field 00345nam a22001337a 4500
008 - FIXED-LENGTH DATA ELEMENTS--GENERAL INFORMATION
fixed length control field 170831b xxu||||| |||| 00| 0 eng d
020 ## - INTERNATIONAL STANDARD BOOK NUMBER
International Standard Book Number 062149370400129500000008
041 ## - LANGUAGE CODE
Language code of text/sound track or separate title eng
080 ## - UNIVERSAL DECIMAL CLASSIFICATION NUMBER
Universal Decimal Classification number 047
100 ## - Rafti
Rafti 40
101 ## - Shkurtesa
Shkurtesa MED
245 ## - TITLE STATEMENT
Title BEST ANSWERS TOTHE 201 MOST FREQUENTLY AKSED INTERVIEW QUESTIONS
Statement of responsibility, etc DELUCA,M.J
942 ## - ADDED ENTRY ELEMENTS (KOHA)
Source of classification or shelving scheme
Item type Books
Holdings
Withdrawn status Lost status Source of classification or shelving scheme Damaged status Not for loan Collection code Permanent location Current location Shelving location Date acquired Total Checkouts Full call number Barcode Date last seen Price effective from Koha item type
          Koleksioni i përgjithshem UBT - Lipjan UBT - Lipjan Koleksioni i përgjithshem 08/31/2017   047 DEL 002-2919639 08/31/2017 08/31/2017 Books
UBT Library © 2015-2024. All rights reserved University Education for Business and Technology